Statistics for Summer Olympics Host Cities and Year

Click here to take the quiz!

General Stats

  • This quiz has been taken 71 times
  • The average score is 22 of 29

Answer Stats

YEAR AND CITY % Correct
2012 London
100%
2000 Sydney
98%
2008 Beijing
98%
1984 Los Angeles
96%
2016 Rio de Janeiro
96%
1996 Atlanta
96%
2004 Athens
95%
1992 Barcelona
93%
1980 Moscow
93%
1988 Seoul
91%
1936 Berlin
88%
1972 Munich
86%
1896 Athens
82%
1968 Mexico City
81%
1976 Montreal
77%
1908 London
74%
2020 Tokyo
72%
1900 Paris
70%
1960 Rome
68%
1964 Tokyo
65%
1904 St. Louis
65%
1948 London
65%
1952 Helsinki
65%
1924 Paris
58%
1956 Melbourne
58%
1912 Stockholm
56%
1928 Amsterdam
51%
1932 Los Angeles
51%
1920 Antwerp
51%

Score Distribution

Percentile by Number Answered

Percent of People with Each Score

Your Score History

You have not taken this quiz